00761cam a2200241 a 450000100060000000300080000600500170001400800390003102000150007003500190008504000320010404100080013608200170014410000210016124500970018225000120027926000410029130000460033250400510037865000160042970000530044570000210049815158BD-RjUL20211208235748.0140209s1984 ilua b 001 0 eng a0256029849 a(BD-RjUL)15212 aDLCcDLCdDLCdBD-RjULbeng aeng00a657219bWEF1 aWelsch, Glenn A.10aFundamentals of financial accounting /cGlenn A. Welsch, Robert N. Anthony, Daniel G. Short. a4th ed. aHomewood, Ill. :bR.D. Irwin,c1984. axix, 874 p. :bill. (some col.) ;c25 cm. aIncludes bibliographical references and index. 0aAccounting.1 aAnthony, Robert N.q(Robert Newton),d1916-2006.1 aShort, Daniel G.